| 000 | 00604nam a22001937a 4500 | ||
|---|---|---|---|
| 999 |
_c8704 _d8704 |
||
| 003 | AR-CdUCM | ||
| 008 | 190325b ||||| |||| 00| 0 spa d | ||
| 040 |
_aMUNICIPALIDAD PROVINCIAL DEL CUSCO _cBIBLIOTECA MUNICIPAL DEL CUSCO |
||
| 082 |
_a869.15 / _bF89C |
||
| 100 |
_aFuentes, Carlos _91310 |
||
| 245 | _aCambio de piel / | ||
| 260 |
_aBarcelona : _bSeix Barral, _c1974. |
||
| 300 |
_a503 páginas ; _c20 cm. |
||
| 650 |
_aNarrativa mexicana contemporánea _924309 |
||
| 650 |
_aNovelas - México - Siglo XX _924310 |
||
| 650 |
_aAutores Mexicanos _94311 |
||
| 942 |
_2ddc _cLIBROS |
||
| 945 | _alccs | ||